| 000 | 00628cab a22002055a 4500 | ||
|---|---|---|---|
| 001 | L157948 | ||
| 008 | 130731e20130727xxk 000 0 eng d | ||
| 035 | _a(Sirsi) u157948 | ||
| 041 | 0 | _aeng | |
| 100 | 1 | _aFreedman, Philip | |
| 245 | 0 | 4 | _aThe outlook is mixed |
| 260 | _c2013 | ||
| 490 |
_aEstates Gazette _v(1330) 27 July 2013, 68-70(3) |
||
| 520 | _aConsiders the new agreement between the government and the insurance industry to keep in place flood cover for high-risk residential properties. | ||
| 590 | _aKA | ||
| 651 | 4 | _aUnited Kingdom | |
| 690 |
_aInsurance _96249 |
||
| 700 | 1 | _aChadowitz, Simon | |
| 942 | _n0 | ||
| 999 |
_c84501 _d84501 |
||